[Event "21. Torneo San Viator 2013"]
[Site "Madrid ESP"]
[Date "2013.11.17"]
[Round "9.51"]
[White "Perez Mondejar, Adler"]
[Black "Apaza, Gabriela Erica"]
[Result "1-0"]
[WhiteElo "1439"]
[BlackElo "1215"]
[PlyCount "59"]
[EventDate "2013.09.29"]
[EventType "swiss"]
[EventRounds "9"]
[EventCountry "ESP"]
[SourceTitle "Ajedrez en Madrid"]
[Source "lmi"]
[SourceDate "2013.09.29"]
[SourceVersion "1"]
[SourceVersionDate "2013.12.25"]
[SourceQuality "1"]

1. e4 c5 2. c3 e6 3. d4 cxd4 4. cxd4 d5 5. e5 Nc6 6. Nf3 Nge7 7. Bg5 g6 8. Bf6
Rg8 9. Nc3 Bd7 10. Nb5 Qa5+ 11. Qd2 Qxd2+ 12. Nxd2 O-O-O 13. Nd6+ Kb8 14. Nf3
Nb4 15. Kd1 Nf5 16. Bxd8 Nxd6 17. exd6 Bxd6 18. Ba5 Nc6 19. Bc3 f6 20. Bb5 a6
21. Bxc6 Bxc6 22. Re1 Re8 23. Kc2 b5 24. a3 g5 25. h3 h5 26. Re2 g4 27. hxg4
hxg4 28. Nd2 f5 29. Rc1 Bd7 30. Nf1 1-0

[Event "21. Torneo San Viator 2013"]
[Site "Madrid ESP"]
[Date "2013.11.17"]
[Round "9.52"]
[White "Del Noval Perez, Jeronimo"]
[Black "Garcia Chica, Eva Maria"]
[Result "1/2-1/2"]
[WhiteElo "1428"]
[BlackElo "1644"]
[PlyCount "77"]
[EventDate "2013.09.29"]
[EventType "swiss"]
[EventRounds "9"]
[EventCountry "ESP"]
[SourceTitle "Ajedrez en Madrid"]
[Source "lmi"]
[SourceDate "2013.09.29"]
[SourceVersion "1"]
[SourceVersionDate "2013.12.25"]
[SourceQuality "1"]

1. e4 g6 2. d4 Bg7 3. Nc3 c6 4. f4 d5 5. e5 f6 6. Nf3 Bg4 7. h3 Bxf3 8. Qxf3 e6
9. Bd3 Ne7 10. g4 Nd7 11. Bd2 Qb6 12. O-O-O Qxd4 13. Be3 Qb4 14. a3 Qa5 15.
exf6 Bxf6 16. Bd2 Qc7 17. h4 O-O-O 18. g5 Bg7 19. h5 Rhf8 20. Ne2 e5 21. Bxg6
hxg6 22. hxg6 Nxg6 23. f5 e4 24. Qg4 Nge5 25. Qf4 Nf3 26. Qg4 Nxd2 27. Rxd2 Ne5
28. Qg2 Rxf5 29. Nd4 Rdf8 30. Nxf5 Rxf5 31. Rf2 Rxf2 32. Qxf2 Nf3 33. Qxa7 Qf4+
34. Kb1 Qxg5 35. Qa8+ Kc7 36. Qa5+ Kb8 37. Qc5 Qe5 38. c3 e3 39. Qa5 1/2-1/2

[Event "21. Torneo San Viator 2013"]
[Site "Madrid ESP"]
[Date "2013.11.17"]
[Round "9.54"]
[White "De Castro Vidal, Jose Ignacio"]
[Black "Enriquez Pastor, Jorge"]
[Result "1/2-1/2"]
[WhiteElo "2050"]
[BlackElo "1419"]
[PlyCount "57"]
[EventDate "2013.09.29"]
[EventType "swiss"]
[EventRounds "9"]
[EventCountry "ESP"]
[SourceTitle "Ajedrez en Madrid"]
[Source "lmi"]
[SourceDate "2013.09.29"]
[SourceVersion "1"]
[SourceVersionDate "2013.12.25"]
[SourceQuality "1"]

1. e4 c6 2. Nc3 d5 3. Nf3 dxe4 4. Nxe4 Bg4 5. h3 Bxf3 6. Qxf3 e6 7. Bc4 Nd7 8.
O-O Ne5 9. Qb3 Nxc4 10. Qxc4 Nf6 11. Nxf6+ Qxf6 12. d4 Rd8 13. Be3 Bd6 14. Rfe1
O-O 15. Rad1 Bf4 16. c3 Bxe3 17. Rxe3 Rfe8 18. Rde1 Qf5 19. Qe2 Qa5 20. b4 Qc7
21. h4 h6 22. Re5 Rd5 23. Qg4 Rxe5 24. Rxe5 Kf8 25. a4 Rd8 26. a5 Rd5 27. f4
Rxe5 28. fxe5 Qd8 29. Qe4 1/2-1/2